000 00243nam a2200121Ia 4500
100 _aINGALLS/DANIEL
942 _cBK
245 _aAN ANTHOLOGY OF SANSKRIT COURT POETRY
260 _b#N/A
300 _a610
546 _aENGLISH
999 _c33125
_d33125